Statistics for Arrow Trivia

Click here to take the quiz!

General Stats

  • This quiz has been taken 474 times
  • The average score is 7 of 15

Answer Stats

HintAnswer% Correct
Number of arrows Oliver keeps in his quiver/on his body24
76%
Felicity's religionJewish
72%
Country that Team Arrow goes to in 2x06Russia
72%
What is Laurel Lance's actual first name?Dinah
61%
What does Lian Yu translate to in English?Purgatory
56%
Who was the first name that Oliver crossed off his list?Adam Hunt
49%
Where did Felicity go to college?MIT
48%
Oliver's middle nameJonas
39%
Felicity's middle nameMegan
38%
What does "prochnost" translate to in English?Strength
38%
Name of the masked man that tortured Oliver on the island for information about Yao FeiBilly Wintergreen
31%
Where does Laurel work in season 1?CNRI
28%
What is both Thea's and Moira's middle name?Deardon
25%
How many people does the Count say he killed to perfect his Vertigo recipe?56
18%
What does the answer to the question above stand for?City Necessary Resource Initiative
6%

Score Distribution

Percentile by Number Answered

Percent of People with Each Score

Your Score History

You have not taken this quiz